000 00579nam a2200241 a 4500
001 nice12345678
003 IN_TiNIC
005 20260116011910.0
008 050524s1962 illa grp 000 0 eng
020 _a
_c87.75
082 0 0 _a227
_bTAY
100 _aTaylor, Kenneth N
245 _aLiving Letters
_b Paraphrased Epistles.
260 _aIllinois
_bTyndale House
_c1962
300 _a334p
500 _aincludes index and biblioraphy
505 2 _aIndex
650 _aEpistles
700 1 _aTaylor, Kenneth N
902 _bSRS
942 _cBK
999 _c4796
_d4796